| 000 | 00581nam a2200217Ia 4500 | ||
|---|---|---|---|
| 005 | 20241129120140.0 | ||
| 008 | 241129s9999||||xx |||||||||||||| ||und|| | ||
| 020 | _a9780367332426 | ||
| 037 | _aTB | ||
| 040 |
_aSDCL _beng _cSDCL |
||
| 041 |
_aeng _2eng |
||
| 084 |
_aR:(S:3), R3 _qSDCL |
||
| 100 |
_aKind Amy; Stoljar Daniel _9729266 |
||
| 245 | 0 | _aWhat is Consciousness?: A Debate | |
| 260 |
_aNew York _bRoutledge Londan _c2023 |
||
| 300 | _ax,224p. | ||
| 365 |
_aGBP _b29.99 |
||
| 650 | _aPhilosophy | ||
| 942 |
_cTB _hR:(S:3), R3 |
||
| 999 |
_c1233553 _d1233553 |
||